Wireless and mobile network Architectures / (Record no. 179333)

000 -LEADER
fixed length control field 01957 a2200289 4500
003 - CONTROL NUMBER IDENTIFIER
control field NUST
005 - DATE AND TIME OF LATEST TRANSACTION
control field 20221230142301.0
010 ## - LIBRARY OF CONGRESS CONTROL NUMBER
LC control number 2006282113
020 ## - INTERNATIONAL STANDARD BOOK NUMBER
International Standard Book Number 0471749222 (hbk.)
020 ## - INTERNATIONAL STANDARD BOOK NUMBER
International Standard Book Number 9780471749226
035 ## - SYSTEM CONTROL NUMBER
System control number (OCoLC)ocm61425189
040 ## - CATALOGING SOURCE
Transcribing agency Nust
082 ## - DEWEY DECIMAL CLASSIFICATION NUMBER
Classification number 621.38456,LIN
100 1# - MAIN ENTRY--PERSONAL NAME
Personal name Lin, Yi-Bing,
9 (RLIN) 106492
245 10 - TITLE STATEMENT
Title Wireless and mobile network Architectures /
Statement of responsibility, etc. Yi-Bing Lin and Chlamatc
260 ## - PUBLICATION, DISTRIBUTION, ETC.
Place of publication, distribution, etc. New york, IN :
Name of publisher, distributor, etc. Wiley,
Date of publication, distribution, etc. c2001.
300 ## - PHYSICAL DESCRIPTION
Extent xxiii, 532 p. :
Other physical details ill. ;
Dimensions 25 cm.
505 ## - FORMATTED CONTENTS NOTE
Formatted contents note Introduction (Page-1), Mobility Management (Page-15), Handoff Management (Page-37), IS-41 Network Signaling (Page-73), Intersystem Handoff And Authentication In IS-41 (Page-91), PACS Network Signaling (Page-115), Cellular Digital Packet Data (Page-139), GSM System Overview (Page-151), GSM Network Signaling (Page-173), GSM Mobility Management (Page-191), GSM Short Message Service (Page-219), International Roaming For GSM (Page-239), GSM Operations, Administration And Maintenance (Page-251), Mobile Number Portability (Page-265), Voip Service For Mobile Networks (Page-287), Mobile Prepaid Phone Services (Page-309), General Packet Radio Service (Page-335), Wireless Application Protocol (Page-379), Heterogeneous PCS (Page-397), Third Generation Mobile Services (Page-413), Paging Systems (Page-441), Wireless Local Loop (Page-457), Wireless Enterprise Networks (Page-481).
650 #0 - SUBJECT ADDED ENTRY--TOPICAL TERM
Topical term or geographic name entry element Computer network protocols.
9 (RLIN) 81627
650 #0 - SUBJECT ADDED ENTRY--TOPICAL TERM
Topical term or geographic name entry element Mobile communication systems.
9 (RLIN) 18556
650 #0 - SUBJECT ADDED ENTRY--TOPICAL TERM
Topical term or geographic name entry element Wireless communication systems.
9 (RLIN) 594
700 1# - ADDED ENTRY--PERSONAL NAME
Personal name Pang, Ai-Chun.
9 (RLIN) 106493
856 42 - ELECTRONIC LOCATION AND ACCESS
Materials specified Contributor biographical information
Uniform Resource Identifier <a href="http://www.loc.gov/catdir/enhancements/fy0653/2006282113-b.html">http://www.loc.gov/catdir/enhancements/fy0653/2006282113-b.html</a>
856 42 - ELECTRONIC LOCATION AND ACCESS
Materials specified Publisher description
Uniform Resource Identifier <a href="http://www.loc.gov/catdir/enhancements/fy0653/2006282113-d.html">http://www.loc.gov/catdir/enhancements/fy0653/2006282113-d.html</a>
856 42 - ELECTRONIC LOCATION AND ACCESS
Materials specified Table of contents only
Uniform Resource Identifier <a href="http://www.loc.gov/catdir/enhancements/fy0902/2006282113-t.html">http://www.loc.gov/catdir/enhancements/fy0902/2006282113-t.html</a>
942 ## - ADDED ENTRY ELEMENTS (KOHA)
Source of classification or shelving scheme
Koha item type Book
Call number prefix 621.38456,LIN
Holdings
Withdrawn status Lost status Source of classification or shelving scheme Damaged status Not for loan Permanent Location Current Location Shelving location Date acquired Full call number Barcode Date last seen Price effective from Koha item type Public note
          Military College of Signals (MCS) Military College of Signals (MCS) General Stacks 12/12/2016 621.38456,LIN MCS31910 12/08/2016 12/12/2016 Book Almirah No.39, Shelf No.2
© 2023 Central Library, National University of Sciences and Technology. All Rights Reserved.